北九州高速道路のIC - Statistics

General Stats
  • This quiz has been taken 36 times
  • The average score is 20 of 36
Answer Stats
1号線 % Correct
IC 八幡
83%
IC 門司
78%
IC 小倉東
74%
JCT 紫川
74%
JCT/IC 紫川
74%
IC/JCT 大谷
70%
JCT 大谷
70%
IC 長野
65%
IC 戸畑
65%
IC 黒崎
65%
IC 枝光
65%
IC 小倉駅北
61%
IC 北方
57%
JCT 東港
57%
JCT 東港
57%
IC 春日
57%
IC 大里
57%
IC 下到津
52%
IC 若戸
52%
PA/IC 富野
52%
IC/PA 山路
52%
IC 小嶺
52%
IC 馬場山
52%
IC 東田
52%
IC 横代
48%
IC 若園
48%
IC 大手町
48%
IC 勝山
48%
JCT 愛宕
48%
IC 西港
48%
JCT 愛宕
48%
IC 金剛
48%
IC 篠崎南
43%
IC 篠崎北
43%
IC 日明
43%
IC 足立
43%
No matching quizzes found
Score Distribution
Percent of People with Each Score
Percentile by Number Answered
Your Score History
You have not taken this quiz